|
|
|
|
| LEADER |
00000nam a2200000 a 4500 |
| 001 |
vtls008585334 |
| 003 |
SK-MaSNL |
| 005 |
20260302041943.0 |
| 008 |
030502s2006 ru g n 000 0 rus |
| 015 |
|
|
|a SNBZSA2008-00515
|
| 020 |
|
|
|a 5248002516 (brož.)
|
| 040 |
|
|
|a SNK
|b slo
|c SNK
|e AACR2
|
| 041 |
0 |
|
|a rus
|
| 043 |
|
|
|a et-----
|
| 044 |
|
|
|a ru
|c RU
|
| 072 |
|
7 |
|a 316.3
|x Globálne spoločnosti. Sociálna štruktúra. Sociálne skupiny
|2 konspekt
|
| 080 |
|
|
|a 316.347
|x (4-191.2)
|x (082)
|2 2001
|
| 080 |
|
|
|a (4-11)
|2 2001
|
| 110 |
2 |
|
|a Rossijskaja akademija nauk
|4 aut
|9 82139
|
| 245 |
1 |
0 |
|a Strany Vostočnoj Jevropy v poiskach novoj identičnosti
|b sbornik naučnych trudov
|c Rossijskaja akademija nauk
|
| 260 |
|
|
|a Moskva
|b RAN Inion
|c 2006
|
| 300 |
|
|
|a 132 s.
|c 20 cm
|
| 500 |
|
|
|a 300 výt.
|
| 500 |
|
|
|a Obsahuje aj: Machaček L. Slovackaja molodež´i jevropejskaja idetičnost´ / J. A. Ščerbakova
|
| 504 |
|
|
|a Bibliogr. odkazy
|
| 648 |
|
7 |
|a 21. storočie
|2 SNK
|9 301294
|
| 650 |
0 |
7 |
|a národná identita
|2 SNKPH
|9 1665
|
| 651 |
|
7 |
|a Európa juhovýchodná
|2 snkph
|9 62619
|
| 651 |
|
7 |
|a Európa stredná
|2 SNKPHgeo
|9 23970
|
| 655 |
|
7 |
|a zborníky
|2 snkph
|9 70165
|
| 700 |
1 |
|
|a Ščerbakova, Ju.A.
|t Machaček L. Slovackaja molodež´i jevropejskaja idetičnost´
|9 694152
|
| 919 |
|
|
|a 5-248-00251-6
|
| 958 |
|
|
|a ZS
|
| 958 |
|
|
|a RU
|
| 958 |
|
|
|a BG
|
| 958 |
|
|
|a PL
|
| 958 |
|
|
|a RO
|
| 999 |
|
|
|c 1080910
|d 1082840
|
| 952 |
|
|
|a SNK
|b SNK
|y PREZ
|7 0
|p 17A0583296
|o snkSD 77241
|i snk2008/6321
|8 2
|g 4.48
|0 0
|1 0
|4 0
|d 2008-02-19
|l 0
|r 2025-11-25 00:00:00
|w 2026-02-24
|